000 00776nam a2200193 a 4500
003 0
005 20250523113811.0
008 021122s19uu xx 00 eng d
050 _aPHS LC 208.8
_b.S25 2002
100 _aSalunga, Ryan Christopher R.
245 _aA Comparative study on the effects to studies and relationships of students in coeducational and exclusive schools /
_cRyan Christopher P. Salunga.
260 _aLas PiƱas City, Philippines :
_bSouthville International School and Colleges,
_c2002.
300 _a29 pages :
_billustrations ;
_c28 cm.
504 _aIncludes bibliographical references.
650 _aCoeducation
_xPsychological aspects.
650 _aEducation
_xComparative studies.
650 _aPeer influence
_zPhilippines.
942 _2lcc
_cPASS
999 _c96736
_d96736